Arab Countries by Population A - Z - Statistics

General Stats
  • This quiz has been taken 76 times
  • The average score is 13 of 17
Answer Stats
Letter Population Answer % Correct
O 4.1 mill Oman
94%
J 8.9 mill Jordan
92%
E 90 mill Egypt
91%
Q 2.1 mill Qatar
89%
Y 26 mill Yemen
88%
A 40 mill Algeria
86%
L 6.2 mill Libya
85%
B 1.7 mill Bahrain
83%
I 36 mill Iraq
82%
U 9.5 mill United Arab Emirates
82%
M 33 mill Morocco
77%
K 4.1 mill Kuwait
76%
S 38 mill Sudan
74%
T 11.1 mill Tunisia
73%
D 961,000 Djibouti
65%
C 783,000 Comoros
52%
P 4.6 mill Palestine
45%
No matching quizzes found
Score Distribution
Percent of People with Each Score
Percentile by Number Answered
Your Score History
You have not taken this quiz